000 00712nam a2200265Ia 4500
003 OSt
005 20221006153147.0
006 a|||||r|||| 00| 0
007 ta
008 221006b |||||||| |||| 00| 0 jpn d
020 _c¥500
024 _a31,457
037 _bGift, Donated By Prof. Sonoko Hijikata
_cTextual
040 _aEASL
_cEASL
_bjpn
041 _2jpn
_ajpn
082 _aP42:4k, M3
100 _aUNO S Ed.
_9662669
245 0 _aJoyo kokugo jiten
260 _aTokyo
_bShueisha Japan
_c1983
300 _a476p.
_ccm.
490 _v RR
650 _aJL
942 _hP42:4k, M3
_cTEXL
_2CC
999 _c1099543
_d1099543